| 000 | 00616nam a22001817a 4500 | ||
|---|---|---|---|
| 003 | OSt | ||
| 005 | 20260608104908.0 | ||
| 008 | 260608b |||||||| |||| 00| 0 eng d | ||
| 020 | _a139780325059655 | ||
| 040 | _cChuka University Library | ||
| 050 | _aQA 115 .03 2011 | ||
| 100 |
_aConnell Susan O' _927468 |
||
| 245 |
_aMastering the Basic Math Facts in Multiplication and Division _b(Strategies ,Activities and Interventions to Move Students Beyond Memorization |
||
| 260 |
_aPortsmouth, NH _bHeinemann _c2011 |
||
| 300 |
_aVarious paging _billustrated |
||
| 650 |
_aBasic Math facts _927469 |
||
| 942 |
_2lcc _cBK _n0 |
||
| 999 |
_c23448 _d23448 |
||